000 00283nam a22001217a 4500
082 _a823
_bBLY/C
100 _aENID BLYTON
245 _aTHE CASTLE OF ADVENTURE
260 _aLONDON
_bMACMILLAN & CO
_c1946
300 _a189
650 _aCHILDRENS STORY BOOK
_zUNITED KINGDOM
942 _cBK
999 _c200
_d200